Kho tàng truyện cổ Á rập: Nàng hiền thục; T2

Bewaard in:
Bibliografische gegevens
Formaat: Boek
Taal:Undetermined
Gepubliceerd in: Tp. HCM Văn nghệ 1996
Onderwerpen:
Tags: Voeg label toe
Geen labels, Wees de eerste die dit record labelt!
Thư viện lưu trữ: Trung tâm Học liệu Trường Đại học Cần Thơ
LEADER 00458nam a2200157Ia 4500
001 CTU_53072
008 210402s9999 xx 000 0 und d
020 |b 7800 
082 |a 398.20953 
082 |b Kh400/T2 
245 0 |a Kho tàng truyện cổ Á rập: Nàng hiền thục; T2 
260 |a Tp. HCM 
260 |b Văn nghệ 
260 |c 1996 
650 |a folk literature, arabian 
980 |a Trung tâm Học liệu Trường Đại học Cần Thơ